| 000 -LEADER |
| fixed length control field |
00356nam a2200121 4500 |
| 082 ## - DEWEY DECIMAL CLASSIFICATION NUMBER |
| Classification number |
TNC L12x71 D968 |
| 100 ## - MAIN ENTRY--PERSONAL NAME |
| Personal name |
Dwivedi, O.P. and Gow, James Iain |
| 9 (RLIN) |
23765 |
| 245 ## - TITLE STATEMENT |
| Title |
From bureaucracy to public management |
| 260 ## - PUBLICATION, DISTRIBUTION, ETC. (IMPRINT) |
| Place of publication, distribution, etc |
Canada |
| Name of publisher, distributor, etc |
IPAC |
| Date of publication, distribution, etc |
1937 |
| 300 ## - PHYSICAL DESCRIPTION |
| Extent |
192p |
| 650 ## - SUBJECT ADDED ENTRY--TOPICAL TERM |
| Topical term or geographic name as entry element |
Civil Service - Canada |
| 9 (RLIN) |
23766 |
| 650 ## - SUBJECT ADDED ENTRY--TOPICAL TERM |
| Topical term or geographic name as entry element |
Political culture - Canada |
| 9 (RLIN) |
23767 |